Arabic Countries - Statistics

General Stats
  • This quiz has been taken 5,886 times
  • The average score is 15 of 22
Answer Stats
Answer % Correct
Saudi Arabia
90%
Egypt
86%
Iraq
85%
Syria
83%
Oman
82%
Yemen
82%
United Arab Emirates
81%
Qatar
79%
Algeria
77%
Jordan
76%
Lebanon
76%
Libya
74%
Morocco
74%
Kuwait
73%
Bahrain
72%
Tunisia
71%
Sudan
64%
Palestine
59%
Somalia
50%
Mauritania
41%
Djibouti
36%
Comoros
24%
No matching quizzes found
Score Distribution
Percent of People with Each Score
Percentile by Number Answered
Your Score History
You have not taken this quiz